Thuringian states - Map Quiz - Statistics

General Stats
  • This quiz has been taken 83 times
  • The average score is 5 of 8
Answers on the Map
Answers color-coded by a green-red scale on the quiz's map according to % correct below.
 
Answer Stats
Answer % Correct
Herzogtum Sachsen-Coburg-Gotha
83%
Großherzogtum Sachsen-Weimar-Eisenach
80%
Herzogtum Sachsen-Meiningen
70%
Herzogtum Sachsen-Altenburg
68%
Fürstentum Schwarzburg-Sondershausen
55%
Fürstentum Reuß ältere Linie
53%
Fürstentum Schwarzburg-Rudolstadt
53%
Fürstentum Reuß jüngere Linie
50%
No matching quizzes found
Score Distribution
Percent of People with Each Score
Percentile by Number Answered
Your Score History
You have not taken this quiz